000 00826nam a2200253Ia 4500
003 OSt
005 20220925202907.0
006 a|||||r|||| 00| 0
007 ta
008 220923b |||||||| |||| 00| 0 eng d
037 _cGeneral Book
040 _aRTL
_cRTL
_beng
041 _2eng
_aeng
082 _aX:54, N5/Th
100 _aMinocha Shobhna
_9264504
245 0 _aChanging international business scenario with spec
260 _aDelhi
_bUniversity of Delhi
_c1995
300 _a167p
_ccm.
490 _aUniversity of Delhi, Commerce and Business (Faculty of-), Dissertation. Dissertation, University of Delhi, Commerce and Business (Faculty of-
500 _aBibliography: P 164-167
650 _aExport
942 _hX:54, N5/Th
_cGB
_2CC
999 _c544463
_d544463